Cyprus and its constitutional and other legal problems / (Record no. 3449)

MARC details
000 -LEADER
fixed length control field 00848cam a2200265 i 4500
001 - CONTROL NUMBER
control field 1831154
003 - CONTROL NUMBER IDENTIFIER
control field OSt
005 - DATE AND TIME OF LATEST TRANSACTION
control field 20230703153822.0
008 - FIXED-LENGTH DATA ELEMENTS--GENERAL INFORMATION
fixed length control field 800902s1980 cy b 001 0 eng
010 ## - LIBRARY OF CONGRESS CONTROL NUMBER
LC control number 80128539
040 ## - CATALOGING SOURCE
Original cataloging agency DLC
Transcribing agency DLC
Modifying agency DLC
043 ## - GEOGRAPHIC AREA CODE
Geographic area code a-cy---
082 00 - DEWEY DECIMAL CLASSIFICATION NUMBER
Classification number 342.569
Item number TOB
100 1# - MAIN ENTRY--PERSONAL NAME
Personal name Tornaritis, Criton George,
Dates associated with a name 1902-
245 10 - TITLE STATEMENT
Title Cyprus and its constitutional and other legal problems /
Statement of responsibility, etc. by Criton G. Tornaritis.
250 ## - EDITION STATEMENT
Edition statement 2d ed.
260 ## - PUBLICATION, DISTRIBUTION, ETC. (IMPRINT)
Place of publication, distribution, etc. Nicosia :
Name of publisher, distributor, etc. [s.n.],
Date of publication, distribution, etc. 1980.
300 ## - PHYSICAL DESCRIPTION
Extent ii, 246 p. ;
Dimensions 25 cm.
500 ## - GENERAL NOTE
General note First ed. published in 1974 under title: Cyprus and its constitution.
504 ## - BIBLIOGRAPHY, ETC. NOTE
Bibliography, etc Includes bibliographical references and index.
650 #0 - SUBJECT ADDED ENTRY--TOPICAL TERM
Topical term or geographic name as entry element Constitutional law
Geographic subdivision Cyprus.
906 ## - LOCAL DATA ELEMENT F, LDF (RLIN)
a 7
b cbc
c orignew
d u
e ncip
f 19
g y-gencatlg
942 ## - ADDED ENTRY ELEMENTS (KOHA)
Source of classification or shelving scheme Dewey Decimal Classification
Koha item type Books
Holdings
Withdrawn status Lost status Source of classification or shelving scheme Damaged status Not for loan Home library Current library Date acquired Total Checkouts Full call number Barcode Date last seen Price effective from Koha item type
    Dewey Decimal Classification     County Hall Archives County Hall Archives 07/03/2023   342.569 TOB 10013446 07/03/2023 07/03/2023 Books
LIBRARY OPENING HOURS

When the Parliament is sitting: 8.00a.m - 7.00p.m or until the house adjourns
Mondays and Fridays and when the House is on Recess:  8.00a.m - 5.00p.m
Closed on Weekends and Public Holidays

Online Public Access Catalog (OPAC)
Website: http://www.parliament.go.ke
Bunge Library: https://libraryir.parliament.go.ke
Contact: library@parliament.go.ke | Tel no: (254-2)2221291 or 2848000 Ext 5043